000 00394nam a2200133Ia 4500
008 220620s9999||||xx |||||||||||||| ||und||
022 _a25606891
100 _aJim Ellis (editor)
245 0 _aIntertwined Histories: Plants in their Social Contexts
546 _aEnglish[eng]
650 _aArt||Poetry||Plants||Essays
856 _uhttps://press.ucalgary.ca/books/9781773850900/
942 _cEB
999 _c33403
_d33403